Performance heritage (Record no. 76601)

MARC details
000 -LEADER
fixed length control field 00443 a2200169 4500
005 - DATE AND TIME OF LATEST TRANSACTION
control field 20131210114244.0
008 - FIXED-LENGTH DATA ELEMENTS--GENERAL INFORMATION
fixed length control field 131210b xxu||||| |||| 00| 0 eng d
020 ## - INTERNATIONAL STANDARD BOOK NUMBER
International Standard Book Number 9788132106999
080 ## - UNIVERSAL DECIMAL CLASSIFICATION NUMBER
Universal Decimal Classification number 338.48-6:7/8
Item number JAF
100 ## - MAIN ENTRY--PERSONAL NAME
Personal name Jafa, Navina
245 ## - TITLE STATEMENT
Title Performance heritage
Remainder of title art of exhibit walks
260 ## - PUBLICATION, DISTRIBUTION, ETC. (IMPRINT)
Name of publisher, distributor, etc Sage
Date of publication, distribution, etc 2012
Place of publication, distribution, etc Los Angeles
300 ## - PHYSICAL DESCRIPTION
Extent xxix, 216p.
653 ## - INDEX TERM--UNCONTROLLED
Uncontrolled term Heritage tourism
653 ## - INDEX TERM--UNCONTROLLED
Uncontrolled term Cultural tourism
942 ## - ADDED ENTRY ELEMENTS (KOHA)
item type Books
Holdings
Lost status Source of classification or shelving scheme Not for loan Home library Current library Date acquired Cost, normal purchase price Total Checkouts Full call number Barcode Date last seen Cost, replacement price Price effective from Koha item type
  Universal Decimal Classification   University Library University Library 18/02/2013 0.00   338.48-6:7/8 JAF 00069204 18/02/2013 0.00 18/02/2013 Books
University Library, CUSAT